Do Slovenských telekomunikácií vstúpi Deutsche Telekom

Majoritnú (51 perc.) účasť v Slovenských telekomunikáciách (ST), a.s. Bratislava získa nemecká spoločnosť Deutsche Telekom (DT), ktorá vyhrala medzinárodné výberové konanie. Výhody, ktoré z odpredaja získa slovenská vláda. Situácia, ktorá predchádzala predaju ST. Použitie výnosu z privatizácie ST na...

Full description

Saved in:
Bibliographic Details
Main Author: Andacký, Jozef
Format: Book Chapter
Language:Slovak
Subjects:
Tags: Add Tag
No Tags, Be the first to tag this record!

MARC

LEADER 00000naa a2200000 4500
001 r038821
005 20230921105933.5
041 0 |a slo 
044 |a SK 
245 1 0 |a Do Slovenských telekomunikácií vstúpi Deutsche Telekom  |c Jozef Andacký 
520 |a Majoritnú (51 perc.) účasť v Slovenských telekomunikáciách (ST), a.s. Bratislava získa nemecká spoločnosť Deutsche Telekom (DT), ktorá vyhrala medzinárodné výberové konanie. Výhody, ktoré z odpredaja získa slovenská vláda. Situácia, ktorá predchádzala predaju ST. Použitie výnosu z privatizácie ST na výplatu dlhopisov FNM SR. Úlohy, na ktoré sa DT chce sústrediť v budovaní ST. 
610 2 0 |a telekomunikácie 
610 2 0 |a privatizácia 
610 2 0 |a akcionári 
610 2 0 |a dlhopisy 
610 2 0 |a Slovenské telekomunikácie, a.s. Bratislava 
610 2 0 |a Deutsche Telekom 
610 2 0 |a FNM SR Bratislava 
100 1 |a Andacký, Jozef